Central Library OPAC University of Rajshahi

Entertaining Mr. Sloane / (Record no. 80527)

MARC details
000 -LEADER
fixed length control field 00750nam a2200277 a 4500
001 - CONTROL NUMBER
control field 80527
003 - CONTROL NUMBER IDENTIFIER
rucl marc code BD-RjUL
005 - DATE AND TIME OF LATEST TRANSACTION
control field 20221013105955.0
008 - FIXED-LENGTH DATA ELEMENTS--GENERAL INFORMATION
fixed length control field 221101s1973 enk 000 0 eng
020 ## - INTERNATIONAL STANDARD BOOK NUMBER
International Standard Book Number 0413298906
-- 0413299007 (pbk.)
035 ## - SYSTEM CONTROL NUMBER
System control number (BD-RjUL)80527
040 ## - CATALOGING SOURCE
Original cataloging agency DLC
Transcribing agency DLC
Modifying agency DLC
-- BD-RjUL
Language of cataloging eng
041 ## - LANGUAGE CODE
Language code of text/sound track or separate title eng
082 00 - DEWEY DECIMAL CLASSIFICATION NUMBER
Edition number 23
Classification number 822.914
Author mark and year ORE 1973
100 1# - MAIN ENTRY--PERSONAL NAME
Personal name Orton, Joe.
9 (RLIN) 5232
245 10 - TITLE STATEMENT
Title Entertaining Mr. Sloane /
Statement of responsibility, etc. Joe Orton; with a new introduction by John Lahr.
260 ## - PUBLICATION, DISTRIBUTION, ETC. (IMPRINT)
Place of publication, distribution, etc. London :
Name of publisher, distributor, etc. Eyre Methuen,
Date of publication, distribution, etc. 1973.
300 ## - PHYSICAL DESCRIPTION
Pagination 97 p.;
Size 20 cm.
350 ## - PRICE (NR) (BK AM CF MU VM SE) [OBSOLETE]
Price £2.20
500 ## - GENERAL NOTE
General note A play.
650 ## - SUBJECT ADDED ENTRY--TOPICAL TERM
Topical term or geographic name as entry element English drama
942 ## - ADDED ENTRY ELEMENTS (KOHA)
Source of classification or shelving scheme Dewey Decimal Classification
Koha item type Books
Holdings
Lost status Source of classification or shelving scheme Damaged status Not for loan Collection code Permanent Location Current Location Shelving location Date acquired Source of acquisition Cost, normal purchase price Total Checkouts Full call number Date last seen Copy number Koha item type
  Dewey Decimal Classification   Not For Loan Fiction Central Library, University of Rajshahi Central Library, University of Rajshahi Reading Room 11/07/1977 Heffer and sons 70.00   822.914 ORE 1973 13/10/2022 C-1 Books